| 000 | 00941nam a2200313 a 4500 | ||
|---|---|---|---|
| 001 | 12824 | ||
| 003 | BD-JhCC | ||
| 005 | 20230517095420.0 | ||
| 008 | 230517s20042003nyu 000 1 eng d | ||
| 010 |
_a 2004573914 _z 2003269436 |
||
| 020 |
_a0440241537 (pbk.) : _c$7.99 |
||
| 035 | _a(BD-JhCC)12824 | ||
| 040 |
_aOCO _cOCO _dOCLCQ _dDLC _dBD-JhCC |
||
| 042 | _alccopycat | ||
| 043 | _an-us-dc | ||
| 050 | 0 | 0 | _aCPB Box no. 2171 vol. 7 |
| 082 |
_a813.54 _bGRI 2023 |
||
| 100 | 1 | _aGrisham, John. | |
| 245 | 1 | 4 |
_aThe king of torts / _cJohn Grisham. |
| 250 | _aDell domestic mass market ed. | ||
| 260 |
_aNew York : _bDell, _c2004, c2003. |
||
| 300 |
_a472 p. ; _c18 cm. |
||
| 650 | 0 |
_aPharmaceutical industry _vFiction. |
|
| 651 | 0 |
_aWashington (D.C.) _vFiction. |
|
| 655 | 7 |
_aLegal stories. _2gsafd |
|
| 655 | 7 |
_aSuspense fiction. _2gsafd |
|
| 710 | 2 |
_aCopyright Paperback Collection (Library of Congress) _5DLC |
|
| 942 |
_2ddc _cBK |
||
| 999 |
_c12824 _d12824 |
||